000
00305nam a22001217a 4500
008
180126b xxu||||| |||| 00| 0 eng d
041
_a
eng
080
_a
573
100
_a
11
101
_a
bo
245
_a
reproductive biology of the mare basic and applied aspects
_c
ginther.o.j
942
_2
udc
_c
BK
999
_c
41000
_d
41000